00437nam a2200181 a 4500001001300000003000900013005001700022008004100039020001000080082001500090100002300105245002700128260002200155300000800177500003500185505001300220650002200233nice12345678IN_TiNIC20260116012615.0050524s1959 dela grp 000 0 urd  ac10000a269.2bHAI aHaiteen, M Barbara aMasihi Maaon Ki Gawahi aDelhibSpckc1959 a31p aincludes index and biblioraphy2 aAppendix aEvangelistic Work